Sports Quiz

Random Sports or WWE Quiz

Kurt Angle TNA Opponents Quiz Stats

 Plays Quiz not verified by Sporcle

Challenge
Share
Tweet
Embed
Score 0/29 Timer 05:00
0 Plays Today
Matches Wrestler % Correct
33AJ Styles
95.1%
18Sting
92.6%
24Samoa Joe
89.5%
12Jeff Jarrett
86.4%
4Robert Roode
81.5%
17Abyss
80.9%
7Kevin Nash
79.6%
4Jeff Hardy
79%
6Christopher Daniels
78.4%
20Christian Cage
77.8%
8Scott Steiner
75.9%
5Booker T
74.1%
9Mr. Anderson
72.2%
6Bully Ray
70.4%
5Brother Devon
68.5%
Matches Wrestler % Correct
13Matt Morgan
66.7%
7Frankie Kazarian
65.4%
9Mick Foley
63%
5Jay Lethal
60.5%
3Chris Sabin
59.3%
7Eric Young
58.6%
11Rhino
53.7%
9Hernandez
53.7%
7Tomko
50.6%
4Homicide
49.4%
8Desmond Wolfe
43.2%
4D'Angelo Dinero
40.7%
4Doug Williams
38.9%
3BG James
29%

You're not logged in!

Compare scores with friends on all Sporcle quizzes.
Join for Free
OR
Log In

You Might Also Like...

Show Comments

Extras

Top Quizzes Today


Score Distribution

Your Account Isn't Verified!

In order to create a playlist on Sporcle, you need to verify the email address you used during registration. Go to your Sporcle Settings to finish the process.

Report this User

Report this user for behavior that violates our Community Guidelines.

Details: